| 000 -LEADER |
| fixed length control field |
00468nam a22001697a 4500 |
| 008 - FIXED-LENGTH DATA ELEMENTS--GENERAL INFORMATION |
| fixed length control field |
150923b xxu||||| |||| 00| 0 eng d |
| 020 ## - INTERNATIONAL STANDARD BOOK NUMBER |
| International Standard Book Number |
0763724955 |
| 041 0# - LANGUAGE CODE |
| Language code of text/sound track or separate title |
eng |
| 080 ## - UNIVERSAL DECIMAL CLASSIFICATION NUMBER |
| Universal Decimal Classification number |
336 |
| 245 ## - TITLE STATEMENT |
| Title |
Essentials of health care finance / |
| Statement of responsibility, etc |
William I. Cleverley; Andrew E. Cameron; |
| 250 ## - |
| -- |
6th ed. |
| 260 ## - |
| -- |
Canada: |
| -- |
Jones and Barlett Publishers; |
| -- |
2007. |
| 300 ## - |
| -- |
541 f.: |
| -- |
me il.; |
| -- |
26. |
| 650 #0 - |
| -- |
Financë |
| 650 #0 - |
| -- |
Shëndeti |
| 942 ## - ADDED ENTRY ELEMENTS (KOHA) |
| Source of classification or shelving scheme |
|
| Item type |
Books |